000 00738nam a2200241Ia 4500
003 OSt
005 20220930065253.0
006 a|||||r|||| 00| 0
007 ta
008 220926b |||||||| |||| 00| 0 eng d
024 _a5389
037 _cTheses
040 _aCRL
_cCRL
_beng
041 _2eng
_aeng
100 _aPurohit Anupam Gopal
_9525662
110 _aUniversity of Delhi. Faculty of Arts. Department of Buddhist Studies
245 0 _aBuddhish during the Kushana period with special reference to art and architecture
260 _c1993
650 _aBUDDHISM
700 _aUniversity of Delhi. Faculty of Arts. Department of Buddhist Studies
942 _cDIS
_2CC
999 _c859339
_d859339